Quizzes
Events
Quiz Creation
Community
Videos
Private Events
Remove Ads
Sign In
Join for FREE
Feedback
Dark Mode
Quiz Categories
Sports
Geography
Music
Movies
Television
Just For Fun
Miscellaneous
History
Literature
Language
Science
Gaming
Entertainment
Religion
Holiday
For Kids
Quiz Lab
Recent
Popular Today
Quiz Kudos Today
Editor Picks
Curator Picks
Quizzes by...
Day
Popularity
Type
Ratings
Length
Year
Community
Subscriptions
Recent Discussions
Orange Saloon
Badges
Playlists
Quests
Create
Leaderboards
Showdown
Live 5
Trivia Bingo
Activity
Puzzle Library
Sporcle Events
Private Events
Virtual Trivia
Globe League
Become a Host
Pub Owners
SporcleCon
Opinionation
Our Games
Videos
Blog
Mobile Apps
Partnerships
Remove Ads and Go Orange
Feedback
Science
Computer
Plants
Astronomy
Chemistry
Elements
Math
Animal
Physics
Anatomy
Biology
Geology
General Science
Science
Computer
Plants
Astronomy
Chemistry
Elements
Math
Animal
Physics
Anatomy
Biology
Geology
General Science
Random Quiz
Search Sporcle
×
Quiz Lab
Quiz Lab
Science
dinosaur
Type in answers that appear in a list
Type in answers that appear in a list
Classic
Best Score? Go Orange.
Name the geological formation Stats
Name the geological formation after certain fossils!
By
mrcoelurosaur
8m
30 Questions
16 Plays
16 Plays
16 Plays
Comments
Comments
Give Quiz Kudos
Give Quiz Kudos
-
- Ratings
hide this ad
Forced Order
Answers have to be entered in order
Answers have to be entered in order
Replay
Link that replays current quiz
Next Quiz
Link to next quiz in quiz playlist
You Got
0%
They Got
Avg Score
40%
Avg Friend Score
Upgrade to see
Score Distribution
Jump to the score distribution portion of the page
Score
0/30
Timer
08:00
0
Plays Today
Fossils
Formation
% Correct
Stegosaurus, Torvosaurus, Brachiosaurus
Morrison formation
100%
Tyrannosaurus, Triceratops, Ankylosaurus
Hell Creek formation
93.8%
Anomalocaris, Opabinia, Marrella
Burgess shale
75%
Confuciusornis, Yutyrannus, Repenomamus
Yixian formation
68.8%
Carbonemys, Titanoboa, Cerrejonisuchus
Cerrejon formation
68.8%
Piscogavialis, Thalassocnus, Megalodon
Pisco formation
62.5%
Styracosaurus, Parasaurolophus, Spinops
Dinosaur Provincial Park
62.5%
Postosuchus, Placerias, Desmatosuchus
Chinle formation
56.3%
Velociraptor, Protoceratops, Tsaagan
Djadochta formation
56.3%
Saltasaurus, Willinakaqe, Austroraptor
Allen formation
50%
Iguanodon, Neovenator, Polacanthus
Wessex formation
50%
Obdurodon, Trilophosuchus, Ganguroo
Riversleigh
43.8%
Gigatitan, Sharovipteryx, Madygenerpeton
Madygen formation
43.8%
Tropeognathus, Tapejara, Araripesuchus
Santana formation
43.8%
Campylognathoides, Barapasaurus, Kotasaurus
Kota formation
43.8%
Fossils
Formation
% Correct
Gogonasus, Eastmanosteus, Bothriolepis
Gogo formation
37.5%
Vahiny, Simosuchus, Beelzebufo
Maevarano formation
37.5%
Buxolestes, Asiatosuchus, Paroodectes
Messel Pit
31.3%
Dracovenator, Heterodontosaurus, Sphenosuchus
Upper Elliot formation
25%
Arsinoiitherium, Ptolemaia, Aegyptopithecus
Jebel Qatrani formation
18.8%
Cryolophosaurus, Glacialisaurus, Tritylodon
Hanson formation
18.8%
Carcharodontosaurus, Rugops, Kaprosuchus
Echkar formation
18.8%
Atopodentatus, Mixosaurus, Sinosaurosphargis
Guanling formation
18.8%
Volaticotherium, Castorocauda, Yi
Tiaojishan formaiton
18.8%
Lunaspis, Schinderhannes, Palaeoisopus
Hunsruck slate
12.5%
Astrapotherium, Phorusrhacos, Brontornis
Santa Cruz formation
12.5%
Nothosaurus, Cyamodus, Tanystropheus
Muschelkalk
12.5%
Endothiodon, Pareiasaurus, Aenigmastropheus
Usili formation
12.5%
Mazonia, Calligenethlon, Archaeothyris
Joggins Fossil Cliffs
12.5%
Aegirocassis, Furca, Pirania
Fezouata formation
12.5%
Quiz Playlist
Details
Report
Send in Message
Add To Playlist
Classic:
Type in answers that appear in a list
Forced Order:
Answers have to be entered in order
Last Updated: Feb 16, 2017
Quiz Scoreboard
CHALLENGE
Sign Up to Join the Scoreboard
Show All
Scores
Hide
Comments
May contain spoilers
Recently Published
NBA Finals Game Top Scorers (2010s)
by flibbidy
Sports
5m
Guess the 'R' Things in 3 Words
by MSUKent
Miscellaneous
3m
Actor to Badly Drawn Movie III
by MoMosMoProblems
Movies
5m
More to Explore
Quiz From the Vault
Featured Blog Post
Where Does Lost Luggage Go?
hide this ad
You Might Also Like...
Tags
dinosaur
Today's Top Quizzes in Science
Browse Science
hide this ad
Today's Top Quizzes in dinosaur
Browse dinosaur
Top Contributed Quizzes in Science
1
Trivia Jigsaw: Scientific Foursomes
2
The First 100 Digits of Pi
3
Trivia Jigsaw: Elements
4
Journey Through Space
5
'P' Natural World
6
Dashed Science
7
200 Digits of pi
8
'W' Natural World
9
A Equals A
10
Naming Acids
Explore More
Trending Topics
Harry Potter
Anime
NBA
Crossword
Marvel
Kpop
Disney
Puzzle
Country
Pokémon
Soccer
NFL
WWE
Song
The Office
hide this ad
More By:
mrcoelurosaur
Quiz
Plays
Rating
Category
Featured
Created
Name the geological formation
16
Science
Nov 11, 2015
Name the Geological Formations PART 2!
10
Science
Dec 4, 2016
Go to Creator's Profile
Score Distribution
Quiz Creator Spotlight
mrcoelurosaur
Follow
Send a Message
Quizzes Created
-
Created Quiz Play Count
-
More By This Creator
Popular Quizzes Today
1
Find the US States - No Outlines Minefield
2
Find the US States
3
The Countries of the World
4
10 Largest US States in Order
5
Find the Countries of Europe - No Outlines Minefield
6
US States
7
Guess the 'R' Things in 3 Words
8
NBA Finals Game Top Scorers (2010s)
More Science Quizzes
► Animals - Antelopes
Quiz Lab
Trending Quizzes
First Name TV: Leading Men
Match the Book to the Film II
First Name TV: Leading Women Drama
Match the Book to the Film VI
3-Word Movies in 1 Word II
Recently Updated
Women's Final Four Teams by Year
bhenderson79
Presidents Quartet II
eogle
Anything But Clue(do)
eogle
Anything But Oceanian Capitals
eogle
Anything But 7
eogle
Anything But Thing
eogle
Word Ladder: February 29
pecheneg
Song Title Questions
pecheneg
Women's NCAA Tournament #1 Seeds
pecheneg
Celebrity Mug Shots
pecheneg
Trending Topics
Crossword
Marvel
Kpop
Harry Potter
NBA
Disney
Anime
WWE
Pokémon
The Office
NFL
Puzzle
Song
Soccer
Country
Your Account Isn't Verified!
In order to create a playlist on Sporcle, you need to verify the email address you used during registration. Go to your
Sporcle Settings
to finish the process.
Report this User
Report this user for behavior that violates our
Community Guidelines
.
Details:
Send Report
Go to the Sporcle.com Mobile Site →
Comments